VALVE Handbook / (Record no. 33986)
[ view plain ]
| 000 -LEADER | |
|---|---|
| fixed length control field | 01069cam a22003374a 4500 |
| 001 - CONTROL NUMBER | |
| control field | 10160072 |
| 003 - CONTROL NUMBER IDENTIFIER | |
| control field | OSt |
| 005 - DATE AND TIME OF LATEST TRANSACTION | |
| control field | 20211105124348.0 |
| 006 - FIXED-LENGTH DATA ELEMENTS--ADDITIONAL MATERIAL CHARACTERISTICS | |
| fixed length control field | m d |
| 007 - PHYSICAL DESCRIPTION FIXED FIELD--GENERAL INFORMATION | |
| fixed length control field | cr n |
| 008 - FIXED-LENGTH DATA ELEMENTS--GENERAL INFORMATION | |
| fixed length control field | 110601s2011 nyua sb 001 0 eng d |
| 020 ## - INTERNATIONAL STANDARD BOOK NUMBER | |
| International Standard Book Number | 9780071743891 (alk. paper) |
| 035 ## - SYSTEM CONTROL NUMBER | |
| System control number | (WaSeSS)ssj0000582170 |
| 038 ## - RECORD CONTENT LICENSOR | |
| Staff Name | khadija |
| 040 ## - CATALOGING SOURCE | |
| Original cataloging agency | DLC |
| Transcribing agency | DLC |
| Modifying agency | YDX |
| -- | YDXCP |
| -- | DLC |
| -- | WaSeSS |
| 050 #4 - LIBRARY OF CONGRESS CALL NUMBER | |
| Classification number | TS227 |
| Item number | .S55 2011 |
| 082 00 - DEWEY DECIMAL CLASSIFICATION NUMBER | |
| Classification number | 621.84 |
| Edition number | 23 |
| Author Mark | SKO |
| 100 1# - MAIN ENTRY--PERSONAL NAME | |
| Personal name | Skousen, Philip L. |
| 9 (RLIN) | 83686 |
| 210 10 - ABBREVIATED TITLE | |
| Abbreviated title | Valve Handbook |
| 245 10 - TITLE STATEMENT | |
| Title | VALVE Handbook / |
| Statement of responsibility, etc. | Philip L. Skousen. |
| 250 ## - EDITION STATEMENT | |
| Edition statement | 3rd ed. |
| 260 ## - PUBLICATION, DISTRIBUTION, ETC. | |
| Place of publication, distribution, etc. | New York : |
| Name of publisher, distributor, etc. | McGraw-Hill, |
| Date of publication, distribution, etc. | c2011. |
| 504 ## - BIBLIOGRAPHY, ETC. NOTE | |
| Bibliography, etc. note | Includes bibliographical references and index. |
| 506 ## - RESTRICTIONS ON ACCESS NOTE | |
| Terms governing access | License restrictions may limit access. |
| 563 ## - BINDING INFORMATION | |
| Binding note | Hardcover |
| 650 #0 - SUBJECT ADDED ENTRY--TOPICAL TERM | |
| Topical term or geographic name entry element | Valves |
| Form subdivision | Handbooks, manuals, etc. |
| 9 (RLIN) | 83687 |
| 773 #0 - HOST ITEM ENTRY | |
| Title | AccessEngineering |
| 856 40 - ELECTRONIC LOCATION AND ACCESS | |
| Uniform Resource Identifier | <a href="http://www.columbia.edu/cgi-bin/cul/resolve?clio10160072">http://www.columbia.edu/cgi-bin/cul/resolve?clio10160072</a> |
| Public note | Full text available from AccessEngineering |
| 910 ## - USER-OPTION DATA (OCLC) | |
| User-option data | Library of Congress record |
| 942 ## - ADDED ENTRY ELEMENTS (KOHA) | |
| Source of classification or shelving scheme | |
| Koha item type | Book |
| Withdrawn status | Lost status | Source of classification or shelving scheme | Damaged status | Not for loan | Permanent Location | Current Location | Shelving location | Date acquired | Total Checkouts | Full call number | Barcode | Date last seen | Date last checked out | Price effective from | Koha item type |
|---|---|---|---|---|---|---|---|---|---|---|---|---|---|---|---|
| School of Mechanical & Manufacturing Engineering (SMME) | School of Mechanical & Manufacturing Engineering (SMME) | General Stacks | 05/23/2016 | 1 | 621.84 SKO | SMME-3330 | 04/29/2022 | 02/01/2022 | 05/23/2016 | Book |
